|
|
|
|
| LEADER |
02226nam a2200325 a 4500 |
| 001 |
0017538 |
| 003 |
BD-DhAAL |
| 008 |
090506s1995 njua b 001 0 eng d |
| 010 |
|
|
|a 93002184
|
| 020 |
|
|
|a 013706666X
|
| 040 |
|
|
|a DLC
|c DLC
|d DLC
|d DB-DhAAL
|
| 082 |
0 |
0 |
|a 621.36/61
|2 20
|
| 100 |
1 |
|
|a Verdeyen, Joseph Thomas.
|9 557
|
| 245 |
1 |
0 |
|a Laser electronics /
|c Joseph T. Verdeyen.
|
| 250 |
|
|
|a Third edition.
|
| 260 |
|
|
|a Englewood Cliffs, N.J. :
|b Prentice Hall,
|c c1995.
|
| 300 |
|
|
|a xxvi, 778, 12 p. :
|b ill. ;
|c 25 cm
|
| 490 |
0 |
|
|a Prentice Hall series in solid state physical electronics
|
| 504 |
|
|
|a Includes bibliographical references and index.
|
| 526 |
|
|
|a MNS, EEE
|x Mahabobe Shobahani
Faculty Member of BRAC University
Course Name : Laser Physics (PHY 410) ;
|x Md Sayeed Salam
Department of Electrical and Electronic Engineering
BRAC University
Course Name : Laser Theory (EEE 552)
|
| 541 |
1 |
|
|a Blackwell Book Services, Trim Education
|e 0017538, 0020230, 0020430
|
| 650 |
|
0 |
|a Lasers.
|
| 650 |
|
0 |
|a Semiconductor lasers.
|9 559
|
| 830 |
|
|
|a Prentice Hall series in solid state physical electronics
|9 57738
|
| 852 |
4 |
|
|a Ayesha Abed Library
|c General Stacks
|
| 942 |
|
|
|2 ddc
|c BK
|
| 999 |
|
|
|c 8552
|d 8552
|
| 952 |
|
|
|0 0
|1 0
|2 ddc
|4 0
|6 621_366100000000000_VER_1995
|7 0
|9 10155
|a BRACUL
|b BRACUL
|c GEN
|d 2010-05-16
|e Blackwell Book Services
|l 2
|m 8
|o 621.3661 VER
|p 3010017538
|r 2019-02-26
|s 2019-02-06
|t 1
|w 2010-05-16
|y BK
|x Requisitioned by Mahabobe Shobahani for the course named- "Laser Physics (PHY 410)" ; £68.00
|
| 952 |
|
|
|0 0
|1 4
|2 ddc
|4 0
|6 621_366100000000000_VER
|7 0
|9 10156
|a BRACUL
|b BRACUL
|d 2010-05-16
|e Trim Education
|g 9650.00
|l 0
|o 621.3661 VER
|p 3010020230
|r 2010-05-16
|t 2
|v 19300.00
|w 2010-05-16
|y BK
|x Koha Inventory 2020 ; Requisitioned by Md Sayeed Salam (Department of Electrical and Electronic Engineering, BRAC University) for the course named- "Laser Theory (EEE 552)"
|
| 952 |
|
|
|0 0
|1 0
|2 ddc
|4 0
|6 621_366100000000000_VER_1995
|7 0
|9 10864
|a BRACUL
|b BRACUL
|c GEN
|d 2010-06-10
|e Trim Education
|g 9650.00
|l 2
|o 621.3661 VER
|p 3010020430
|r 2022-08-07
|s 2022-08-07
|t 3
|v 19300.00
|w 2010-06-10
|y BK
|x Requisitioned by Md Sayeed Salam (Department of Electrical and Electronic Engineering, BRAC University) for the course named- "Laser Theory (EEE 552)"
|